00447nam a2200121Ia 4500008004100000245018600041260001700227260000900244300000800253650002300261650001200284856002900296170516s9999 xx 000 0 und d aSystemic siRNA Delivery with a Dual pH-Responsive and Tumor-targeted Nanovector for Inhibiting Tumor Growth and Spontaneous Metastasis in Orthotopic Murine Model of Breast Carcinoma bTheranostics c2017 a7:2 xMedical Technology xMedtech uhttp://www.thno.org/v7i2